00454nam a22001697a 450000500170000001000150001702000110003203500140004303700090005708200080006610000210007424500620009525000100015726000400016727000550020730000220026220250120121726.0 aENG-143530 c150.00 aEN-127062 bDBAD a362 aGupta, Dr. Sunny aMr. Detox; The Game Changer of Heath/cBy Dr. Sunny Gupta aFirst bBluerose Publisherc2023aNew Delhi bNew Delhik8882898898minfo@bluerosepublishers.com a101p.c20cm (pbk)